000 00864nam a2200277Ia 4500
003 OSt
005 20220928121407.0
006 a|||||r|||| 00| 0
007 ta
008 220927b |||||||| |||| 00| 0 eng d
020 _c349
024 _a128329
037 _b223, 31/12/2015, Classic Book Service
_cTextual
040 _aSDCL
_cSDCL
_beng
041 _2eng
_aeng
082 _aD6,8(B289J), Q2
100 _aChoudhary C. M.
_9436065
245 0 _aProgramming in java(with cd)
260 _aNew Delhi
_bDreamtech Press
_c2012
300 _axii;180p.
_ccm.
650 _aI I C
700 _a Beniwal Mahendra Kumar
_9451878
700 _a Dadheech Pankaj
_9451879
942 _hD6,8(B289J), Q2
_cTEXL
_2CC
999 _c765883
_d765883